LEADER 01028nam a2200229 a 4500 001 000000119412 003 CaOOAMICUS 005 20100121131734.0 008 100121s1963 it 000 u ita r 040 $aPUL$bita$dMCT 100 1 $aAgresti, Giuliano.$0(OLS)http://pul/name/74469 245 13$aLa gioia della verità :$bmeditazioni sul Vangelo /$cGiuliano Agresti. 260 $aFirenze :$bLibreria editrice fiorentina,$c1963. 300 $a268 p. ;$c18 cm 490 1 $aDocumenti di Vita Spirituale ;$v11 630 04$aBiblia.$pN.T.$xCritica e interpretazione.$0(OLS)http://pul/subject/1926 830 0$aDocumenti di Vita Spirituale ;$v11.$0(OLS)http://pul/title/106801 850 $aPUL 852 $aPUL$W1$xDP1 Religione 1$y20$m575 G 38$j137006$qStampati$B136057$CPULBib$Z2$F136057 $H38200 $82 941 1 $a8 996 $6245$aLa gioia della verità :$bmeditazioni sul Vangelo$9(OLS)http://pul/title/150240 996 $6260$aFirenze :$bLibreria editrice fiorentina$9(OLS)http://pul/publisher/48392 LEADER 01354nam a2200325 a 4500 001 000000169717 003 CaOOAMICUS 005 20181004093926.0 008 181004s2018 it u000 u ita r 020 $a978-88-217-66145* 032 $aLibriCat 040 $aPUL$bita 082 04$a348 245 00$aProcedura penale /$ca cura di Alfredo Gaito. 260 $aMilanofiori Assago :$bWolters Kluwer,$c©2018. 300 $aXXXIX, 1974 p. ;$c24 cm. 490 1 $aItinera. Guide giuridiche. Contenzioso penale 500 $aSul front.: Gaito & Partners. 650 4$aProcedura penale$zItalia.$0(OLS)http://pul/subject/12686 700 1 $aGaito, Alfredo.$0(OLS)http://pul/name/70681 710 2 $aStudio Gaito & Partners.$0(OLS)http://pul/name/86677 830 0$aItinera$pGuide giuridiche (Ipsoa).$pContenzioso penale.$0(OLS)http://pul/title/170109 850 $aPUL 852 $aPUL$W1$xSL Diritto e Scienze Sociali 3$y79$m348 COLL 3.24$j192664$qDDC 21$B197749$CPULBib$Z2$F197749 $H131330 $81 941 1 $a9 996 $6020$a978-88-217-66145*$9(OLS)http://pul/number/164773 996 $6082$a348$9(OLS)http://pul/classification/2532 996 $6245$aProcedura penale$9(OLS)http://pul/title/51522 996 $6260$aMilanofiori Assago :$bWolters Kluwer$9(OLS)http://pul/publisher/81463